02060 a2200193 45000010006000000050017000060080041000230030015000640400040000790800071001192450036001902640033002263000019002595051510002781000017017887000016018057000024018217000021018453952120260407155653.0260407a1964 arg spa dAR-UNSa-BCEJYS aAR-UNSa-BCEJYSbspacAR-UNSa-BCEJYS a659xPublicidad y propaganda. Información Relaciones públicas 10aManual de relaciones públicas 1aBarcelona :bSagitarioc1964 a349 p.c22 cm. a1. Prólogo a la edición española - 2. Prólogo - 3. ¿ Por qué ha sido escrito este libro ? - 4. Presupuesto para relaciones públicas - 5. Las ventajas del estudio de mercado - 6. Situación del anuncio - 7. Proyección en la prensa - 8. El parlamento y las relaciones públicas - 9. Comprensión sobre la autoridad local - 10. Relaciones de comunidad - 11. Organización de un departamento de relaciones públicas - 12. Organización de un departamento - 13. Organización de un departamento de relaciones públicas - 14. Organización de un departamento de prensa - 15. El suelto de prensa - 16. La conferencia de prensa - 17. Planear una visita de prensa - 18. Relaciones de prensa financiera - 19. Relaciones de prensa internacional - 20. Relaciones de radio y televisión - 21. Establecer un estilo propio - 22. Imprenta - 23. Los usos de la fotografía - 24. Cómo hacer una película patrocinada - 25. La exhibición en las relaciones públicas - 26. Cómo organizar una promoción - 27. Cómo organizar una exhibición de modas - 27. Tomar parte de una exhibición - 28. Obtener el máximo éxito de una exhibición - 29. Cómo llegar al público especializado - 30. Relaciones con el accionista - 31. Relaciones con el expendedor - 32. Relaciones con el cliente - 33. Publicaciones de la empresa para el exterior - 34. Publicaciones de una empresa para sus empleados - 35. Comunicación y relaciones con el empleado - 36. Aprender a encontrar información.1 aEllis, Nigel1 aBowman, Pat1 aSanz y Diaz, José1 aOrtega, C. G. de